00578 a2200157 4500003000500000038000600005082001200011100001500023245011900038260008000157300003300237500006800270563000600338700001900344856005700363NUST aa aBICSE-6 aSheraz Ali aImplementation of robust topology construction algorithm for vehicular ad hoc networkscSheraz Ali, Muhammad Umair aIslamabadbNUST School of Electrical Engineering and Computer Sciencec2012 a35p.b:ill.c:27cm.+eCD-ROM aSupervisors: Dr. Hassaan Khaliq Qureshi, Dr. Adnan Khalid Kiani aa aMuhammad Umair uhttp://10.250.8.41:8080/xmlui/handle/123456789/11042